Energetika - ekológia - ekonomika : 8. celoštátna konferencia s medzinárodnou účasťou. Vysoké Tatry - Nový Smokovec, 27.-29.5.2009

Gespeichert in:
Bibliographische Detailangaben
Weitere Verfasser: Janíček, František, 1954- (Herausgegeben von), Reváková, Daniela, 1945- (Herausgegeben von), Daruľa, Ivan, 1944- (Herausgegeben von), Kubica, Juraj, 1982- (Herausgegeben von), Šulc, Igor, 1983- (Herausgegeben von)
Format: Buch
Sprache:Slowakisch
Veröffentlicht: Bratislava : STU v Bratislave, 2009
Tags: Tag hinzufügen
Keine Tags, Fügen Sie das erste Tag hinzu!

MARC

LEADER 00000nam a22000003a 4500
001 stu186511
005 20230314132844.4
008 090703s2009----xo------------------slo-d
020 |a 978-80-89402-08-3 
040 |a STU  |b slo 
041 0 |a slo 
044 |a xo 
080 |a 536.7  |7 A000000260 
100 1 |a Janíček, František,  |d 1954-  |4 edt  |u E020  |U FEI Fakulta elektrotechniky a informatiky  |T FEI Ústav elektroenergetiky a aplikovanej elektrotechniky  |X 1958  |U E020  |Y 548  |7 A000001958 
242 0 0 |a Power Engineering - Ecology - Economy  |y eng  |b 8th National Conference with International Participation. High Tatras, Slovak Republic, 27.-29.5.2009 
245 1 |a Energetika - ekológia - ekonomika :  |b 8. celoštátna konferencia s medzinárodnou účasťou. Vysoké Tatry - Nový Smokovec, 27.-29.5.2009 
260 |a Bratislava :  |b STU v Bratislave,  |c 2009 
300 |a CD-ROM 
700 1 |a Reváková, Daniela,  |d 1945-  |4 edt  |u E130  |U FEI Fakulta elektrotechniky a informatiky  |T FEI Katedra elektroenergetiky  |X 2084  |U E130  |Y 59  |7 A000002084 
700 1 |a Daruľa, Ivan,  |d 1944-  |4 edt  |u E020  |U FEI Fakulta elektrotechniky a informatiky  |T FEI Ústav elektroenergetiky a aplikovanej elektrotechniky  |X 4263  |U E020  |Y 548  |7 A000004263 
700 1 |a Kubica, Juraj,  |d 1982-  |4 edt  |u E020  |U FEI Fakulta elektrotechniky a informatiky  |T FEI Ústav elektroenergetiky a aplikovanej elektrotechniky  |X 5209  |U E020  |Y 548  |7 A000005209 
700 1 |a Šulc, Igor,  |d 1983-  |4 edt  |u E020  |U FEI Fakulta elektrotechniky a informatiky  |T FEI Ústav elektroenergetiky a aplikovanej elektrotechniky  |X 11628  |U E020  |Y 548  |7 A000011628 
996 |b 284EO00198  |c E*O-198  |l EE0104  |s P  |a 0  |w stu186511_0001